000 00565nam a2200217Ia 4500
005 20250425161247.0
008 250425s9999 xx 000 0 und d
041 _aeng
082 _a541.372
100 _aAUSLOOS, PIERRE J
245 0 _aION-MOLECULE REACTIONS IN THE GAS PHASE
250 _a1 TH ED.
260 _aEstados Unidos
_bAMERICAN CHEMICAL SOCIETY
_c1966
260 _aWASHINGTON
300 _a336
500 _aADVANCES IN CHEMISTRY SERIES NO. 58
650 _aFASE GASEOSA
650 _aMOLECULA DE IONES
942 _c01
010 _a16357
999 _c205652
_d205652